[Event "UZB-ch (Women)"]
[Site "Tashkent"]
[Date "2024.04.24"]
[Round "9"]
[White "Nadirjanova, Nodira"]
[Black "Malikova, Marjona"]
[Result "1-0"]
[WhiteElo "2059"]
[BlackElo "1999"]
[PlyCount "97"]
[EventDate "2024.04.20"]
[EventType "tourn (rapid)"]
[EventRounds "17"]
[EventCountry "UZB"]
[SourceTitle "CB18_2024"]
[SourceDate "2024.05.01"]
[SourceVersion "1"]
[SourceVersionDate "2024.05.01"]
[SourceQuality "2"]

1. d4 Nf6 2. c4 e6 3. Nc3 Bb4 4. e3 0-0 5. Bd3 d5 6. a3 Bxc3+ 7. bxc3 dxc4 8. Bxc4 c5 9. Ne2 Qc7 10. Bd3 Nc6 11. f4 b6 12. 0-0 Bb7 13. Ng3 c4 14. Bc2 Ne7 15. e4 Nd7 16. Qe2 Rfe8 17. Qf2 Nf8 18. Bd2 Rad8 19. f5 exf5 20. Nxf5 Nxf5 21. Qxf5 f6 22. Rae1 Ng6 23. Qf2 Nf8 24. h4 b5 25. h5 h6 26. Bf4 Qf7 27. Qh4 Qe7 28. Qg3 Kh8 29. e5 fxe5 30. Rxe5 Qd7 31. Rxe8 Rxe8 32. Be5 Kg8 33. Rf6 Re7 34. Rxh6 Rxe5 35. dxe5 Qd2 36. Bh7+ Nxh7 37. Rd6 Qc1+ 38. Kh2 Qg5 39. Qxg5 Nxg5 40. e6 Kf8 41. Rd8+ Ke7 42. Rd7+ Kxe6 43. Rxb7 a6 44. Rxg7 Kf6 45. Rg6+ Kf5 46. Rxa6 Ne4 47. Rb6 Nxc3 48. h6 Nd5 49. Rxb5 1-0

[Event "UZB-ch (Women)"]
[Site "Tashkent"]
[Date "2024.04.24"]
[Round "10"]
[White "Sardorova, Robiya"]
[Black "Nadirjanova, Nodira"]
[Result "1/2-1/2"]
[WhiteElo "1826"]
[BlackElo "2059"]
[PlyCount "38"]
[EventDate "2024.04.20"]
[EventType "tourn (rapid)"]
[EventRounds "17"]
[EventCountry "UZB"]
[SourceTitle "CB18_2024"]
[SourceDate "2024.05.01"]
[SourceVersion "1"]
[SourceVersionDate "2024.05.01"]
[SourceQuality "2"]

1. d4 d5 2. c4 c6 3. Nf3 Nf6 4. e3 Bf5 5. Qb3 Qb6 6. c5 Qc7 7. Bd2 h6 8. Bd3 Ne4 9. Qc2 Nd7 10. Nc3 Nxd2 11. Nxd2 Bxd3 12. Qxd3 b6 13. b4 e5 14. 0-0 e4 15. Ndxe4 dxe4 16. Qxe4+ Be7 17. Nb5 Qd8 18. Nd6+ Kf8 19. Qxc6 Bxd6 1/2-1/2

[Event "UZB-ch (Women)"]
[Site "Tashkent"]
[Date "2024.04.22"]
[Round "6"]
[White "Khalilova, Madinabonu"]
[Black "Nadirjanova, Nodira"]
[Result "0-1"]
[WhiteElo "1968"]
[BlackElo "2059"]
[PlyCount "114"]
[EventDate "2024.04.20"]
[EventType "tourn (rapid)"]
[EventRounds "17"]
[EventCountry "UZB"]
[SourceTitle "CB18_2024"]
[SourceDate "2024.05.01"]
[SourceVersion "1"]
[SourceVersionDate "2024.05.01"]
[SourceQuality "2"]

1. d4 d5 2. c4 e6 3. Nc3 a6 4. e3 Nf6 5. Nf3 Be7 6. Bd3 dxc4 7. Bxc4 c5 8. dxc5 Qxd1+ 9. Kxd1 Bxc5 10. Ke2 b5 11. Bd3 Bb7 12. b3 Nbd7 13. Bb2 Ke7 14. Rac1 Rhd8 15. Bb1 g6 16. Rhd1 Rac8 17. g3 Bb4 18. Ne1 Nb6 19. Nd3 Bd6 20. Ke1 Bf3 21. Ne2 Rxc1 22. Rxc1 Be4 23. Nd4 Rc8 24. Rxc8 Nxc8 25. f3 Bb7 26. e4 Nd7 27. Ke2 h5 28. Nf2 h4 29. f4 hxg3 30. hxg3 e5 31. fxe5 Bxe5 32. g4 Na7 33. Ke3 Nc6 34. Ba3+ Kf6 35. Nf3 Ba1 36. Nd3 g5 37. Bd6 Ke6 38. Bg3 f6 39. Bc2 b4 40. Bd1 a5 41. Be2 Bc8 42. Nf2 Nde5 43. Nxe5 Bd4+ 44. Kd2 Bxe5 45. Nh1 Bf4+ 46. Ke1 Ke5 47. Kf2 Nd4 48. Bf3 Bb7 49. Bd1 Bxe4 50. Bxf4+ gxf4 51. Kg1 Bxh1 52. Kxh1 Ke4 53. g5 fxg5 54. Bg4 f3 55. Kg1 Kf4 56. Bd7 g4 57. Bc8 Ne2+ 0-1

[Event "Wch Blitz (Women)"]
[Site "Samarkand"]
[Date "2023.12.30"]
[Round "17"]
[White "Druzhinina, Olga"]
[Black "Nadirjanova, Nodira"]
[Result "0-1"]
[WhiteElo "2245"]
[BlackElo "2069"]
[PlyCount "88"]
[EventDate "2023.12.29"]
[EventType "swiss (blitz)"]
[EventRounds "17"]
[EventCountry "UZB"]
[SourceTitle "CB01_2024"]
[SourceDate "2024.01.03"]
[SourceVersion "1"]
[SourceVersionDate "2024.01.03"]
[SourceQuality "1"]

1. e4 e6 2. d4 d5 3. Nd2 c5 4. exd5 Qxd5 5. Ngf3 cxd4 6. Bc4 Qd6 7. 0-0 Nc6 8. Nb3 e5 9. Re1 Be7 10. h3 Nf6 11. Bb5 Nd7 12. Bg5 f6 13. Bh4 0-0 14. Qd2 Nb6 15. a4 Be6 16. Bg3 Bxb3 17. cxb3 a6 18. Bd3 Nb4 19. Bb1 a5 20. Nxd4 Rad8 21. Re4 Nc6 22. Qc2 Nxd4 23. Rxd4 Qxd4 24. Qxh7+ Kf7 25. Bg6+ Ke6 26. Bf5+ Kd6 27. Qxg7 Rg8 28. Qf7 Qd5 29. Qh7 Rd7 30. Bxd7 Kxd7 31. Qh5 Kc7 32. Rd1 Qe6 33. Qf3 Kb8 34. Qe3 Bb4 35. Rc1 Rc8 36. Rd1 Bc5 37. Qe4 Rg8 38. Kf1 Qxb3 39. Re1 Qe6 40. Kg1 Rxg3 41. Rc1 Qd6 42. Qh7 Rd3 43. Rxc5 Rd1+ 44. Kh2 e4+ 0-1

[Event "Wch Blitz (Women)"]
[Site "Samarkand"]
[Date "2023.12.30"]
[Round "13"]
[White "Khamrakulova, Iroda"]
[Black "Nadirjanova, Nodira"]
[Result "0-1"]
[WhiteElo "2132"]
[BlackElo "2069"]
[PlyCount "74"]
[EventDate "2023.12.29"]
[EventType "swiss (blitz)"]
[EventRounds "17"]
[EventCountry "UZB"]
[SourceTitle "CB01_2024"]
[SourceDate "2024.01.03"]
[SourceVersion "1"]
[SourceVersionDate "2024.01.03"]
[SourceQuality "1"]

1. e4 e6 2. d4 d5 3. exd5 exd5 4. Nf3 Bd6 5. Bd3 Bg4 6. h3 Bh5 7. 0-0 Ne7 8. c3 Nbc6 9. Nbd2 Qd7 10. Qc2 Bg6 11. Nb3 0-0 12. Bd2 b6 13. Rae1 f6 14. Nh4 Bxd3 15. Qxd3 a5 16. Nc1 a4 17. Ne2 Na5 18. Ng3 Nc4 19. Bc1 Bxg3 20. fxg3 Nd6 21. g4 Ne4 22. Nf5 Nxf5 23. Rxf5 b5 24. b3 axb3 25. axb3 c6 26. c4 bxc4 27. bxc4 Nd6 28. Rf3 Nxc4 29. Ref1 Qe6 30. Rf5 Rae8 31. R5f2 Qe4 32. Qd1 Qg6 33. Qa4 Re6 34. Qd1 Rfe8 35. Qf3 Qe4 36. Qb3 Qxd4 37. Kh1 Re1 0-1

[Event "Wch Blitz (Women)"]
[Site "Samarkand"]
[Date "2023.12.30"]
[Round "14"]
[White "Nadirjanova, Nodira"]
[Black "Kaliakhmet, Elnaz"]
[Result "1-0"]
[WhiteElo "2069"]
[BlackElo "2068"]
[PlyCount "107"]
[EventDate "2023.12.29"]
[EventType "swiss (blitz)"]
[EventRounds "17"]
[EventCountry "UZB"]
[SourceTitle "CB01_2024"]
[SourceDate "2024.01.03"]
[SourceVersion "1"]
[SourceVersionDate "2024.01.03"]
[SourceQuality "1"]

1. d4 Nf6 2. Nc3 d5 3. Bf4 c5 4. e3 a6 5. dxc5 Qa5 6. Be5 e6 7. Bxf6 gxf6 8. Qd4 Be7 9. b4 Qc7 10. Na4 Nd7 11. c3 Qc6 12. Nb2 Rg8 13. Nf3 f5 14. Qd2 Bf6 15. Nd4 Qc7 16. f4 b6 17. cxb6 Nxb6 18. Bd3 Bd7 19. 0-0 h5 20. a4 h4 21. h3 Rg3 22. Rf3 Rg6 23. a5 Nc4 24. Nxc4 dxc4 25. Bc2 Bc6 26. Nxc6 Qxc6 27. Ba4 Qxa4 28. Rxa4 Rd8 29. Qc2 Rd3 30. Ra3 Be7 31. Kh2 Bxb4 32. Qa4+ Kf8 33. Qxb4+ Kg7 34. Ra2 Rd1 35. Rff2 Rg3 36. Qxc4 Rc1 37. Qd4+ Kg6 38. c4 f6 39. c5 Kh5 40. Rac2 Rb1 41. c6 Rg8 42. Qxf6 Rbb8 43. c7 Rbc8 44. Qxe6 Rgf8 45. Qxc8 Rxc8 46. Rfd2 Kg6 47. Rd8 Rxc7 48. Rxc7 Kh5 49. Rh8+ Kg6 50. Rg8+ Kh6 51. Rf8 Kg6 52. Rc6+ Kg7 53. Rxf5 Kh7 54. Rd5 1-0

[Event "Wch Blitz (Women)"]
[Site "Samarkand"]
[Date "2023.12.30"]
[Round "16"]
[White "Nadirjanova, Nodira"]
[Black "Kurbonboeva, Sarvinoz"]
[Result "1-0"]
[WhiteElo "2069"]
[BlackElo "2154"]
[PlyCount "67"]
[EventDate "2023.12.29"]
[EventType "swiss (blitz)"]
[EventRounds "17"]
[EventCountry "UZB"]
[SourceTitle "CB01_2024"]
[SourceDate "2024.01.03"]
[SourceVersion "1"]
[SourceVersionDate "2024.01.03"]
[SourceQuality "1"]

1. d4 d5 2. Bf4 Nf6 3. e3 Bf5 4. c4 c6 5. Qb3 Qb6 6. c5 Qxb3 7. axb3 Nbd7 8. Nc3 Nh5 9. Bc7 e5 10. b4 exd4 11. exd4 Be7 12. h3 Bg6 13. Nf3 0-0 14. b5 Bd8 15. Bd6 Re8+ 16. Kd2 Be7 17. Bh2 Nhf6 18. bxc6 bxc6 19. Ba6 Ne4+ 20. Nxe4 dxe4 21. Ne1 Bg5+ 22. Ke2 Nf6 23. Nc2 Nd5 24. Bb7 Rad8 25. Bxc6 e3 26. Nxe3 Nxe3 27. Bxe8 Rxe8 28. fxe3 Rxe3+ 29. Kf2 Rd3 30. Rhd1 Rb3 31. Rxa7 Rxb2+ 32. Kg1 Be3+ 33. Kf1 Bh5 34. Ra8+ 1-0

[Event "Wch Rapid (Women)"]
[Site "Samarkand"]
[Date "2023.12.27"]
[Round "6"]
[White "Nadirjanova, Nodira"]
[Black "Naisanga Sheba Valentine"]
[Result "1-0"]
[WhiteElo "2069"]
[BlackElo "1303"]
[PlyCount "87"]
[EventDate "2023.12.26"]
[EventType "swiss (rapid)"]
[EventRounds "11"]
[EventCountry "UZB"]
[SourceTitle "CB01_2024"]
[SourceDate "2024.01.03"]
[SourceVersion "1"]
[SourceVersionDate "2024.01.03"]
[SourceQuality "1"]

1. d4 d5 2. Bf4 Nf6 3. e3 c5 4. c3 Qb6 5. Qb3 Nbd7 6. Qxb6 Nxb6 7. dxc5 Nbd7 8. b4 e5 9. Bg3 Be7 10. Bb5 Ne4 11. Bxe5 a6 12. Ba4 0-0 13. Bb3 Ndf6 14. f3 Ng5 15. Ne2 Be6 16. h4 Nd7 17. Bd4 Nxf3+ 18. gxf3 Nf6 19. Nd2 Rac8 20. 0-0-0 a5 21. a3 axb4 22. axb4 b5 23. Kb2 Ra8 24. Ra1 Rfc8 25. Rxa8 Rxa8 26. e4 dxe4 27. fxe4 Bd7 28. Nf4 h6 29. Nd5 Nxd5 30. Bxd5 Rd8 31. c6 Bc8 32. Rg1 Bf8 33. Rf1 Be6 34. Bxe6 fxe6 35. c7 Rc8 36. Be5 Be7 37. Rg1 Bf8 38. Nb3 Kf7 39. Nc5 g6 40. Rf1+ Ke7 41. Nb7 Kd7 42. Rf7+ Kc6 43. Nd8+ Kb6 44. Rxf8 1-0

[Event "Wch Rapid (Women)"]
[Site "Samarkand"]
[Date "2023.12.27"]
[Round "8"]
[White "Nadirjanova, Nodira"]
[Black "Shohradova, Leyla"]
[Result "1/2-1/2"]
[WhiteElo "2069"]
[BlackElo "1948"]
[PlyCount "147"]
[EventDate "2023.12.26"]
[EventType "swiss (rapid)"]
[EventRounds "11"]
[EventCountry "UZB"]
[SourceTitle "CB01_2024"]
[SourceDate "2024.01.03"]
[SourceVersion "1"]
[SourceVersionDate "2024.01.03"]
[SourceQuality "1"]

1. d4 Nf6 2. c4 c5 3. d5 b5 4. cxb5 a6 5. bxa6 g6 6. Nc3 Bg7 7. g3 0-0 8. Nf3 Bxa6 9. e4 Qa5 10. Bxa6 Nxe4 11. Bd2 Nxc3 12. bxc3 Qxa6 13. Qe2 Qb7 14. Qd3 Qb2 15. 0-0 Rxa2 16. Rxa2 Qxa2 17. d6 e6 18. c4 Nc6 19. Rb1 Nd4 20. Nxd4 Bxd4 21. Rb7 Qa1+ 22. Kg2 Qa4 23. Rb6 Qa7 24. Qb3 Qa8+ 25. f3 Qa1 26. Qb1 Qxb1 27. Rxb1 Ra8 28. Bh6 Bg7 29. Be3 Bd4 30. Bxd4 cxd4 31. f4 Rc8 32. Rb7 Rxc4 33. Rc7 Rb4 34. Rxd7 d3 35. Kf2 Rd4 36. Ke1 d2+ 37. Kd1 Kg7 38. h3 h5 39. Rd8 Kf6 40. Rd7 Kg7 41. Rd8 h4 42. g4 Kf6 43. Rd7 Rxf4 44. Kxd2 Ke5 45. Ke3 f5 46. g5 Rd4 47. Rg7 Rxd6 48. Rxg6 Ra6 49. Kf2 Ra3 50. Kg2 Ra2+ 51. Kg1 Re2 52. Rh6 Kf4 53. g6 Kf3 54. g7 Rg2+ 55. Kf1 Rxg7 56. Rxe6 f4 57. Ra6 Kg3 58. Ra3+ f3 59. Ra8 Rf7 60. Rg8+ Kxh3 61. Kf2 Rf4 62. Rg1 Kh2 63. Rg5 h3 64. Rg7 Rf8 65. Rg6 Rb8 66. Kxf3 Rf8+ 67. Ke2 Kh1 68. Rg5 h2 69. Rg6 Rb8 70. Kf2 Rb2+ 71. Kf1 Rb1+ 72. Kf2 Rg1 73. Rh6 Rg2+ 74. Kf1 1/2-1/2

[Event "Wch Rapid (Women)"]
[Site "Samarkand"]
[Date "2023.12.27"]
[Round "7"]
[White "Peycheva, Gergana"]
[Black "Nadirjanova, Nodira"]
[Result "1-0"]
[WhiteElo "2271"]
[BlackElo "2069"]
[PlyCount "117"]
[EventDate "2023.12.26"]
[EventType "swiss (rapid)"]
[EventRounds "11"]
[EventCountry "UZB"]
[SourceTitle "CB01_2024"]
[SourceDate "2024.01.03"]
[SourceVersion "1"]
[SourceVersionDate "2024.01.03"]
[SourceQuality "1"]

1. d4 d5 2. c4 c6 3. e3 Nf6 4. Nc3 Bf5 5. cxd5 cxd5 6. Qb3 Bc8 7. Nf3 e6 8. Ne5 Be7 9. Bd3 0-0 10. 0-0 Nfd7 11. Nxd7 Qxd7 12. Bd2 Nc6 13. Rac1 Na5 14. Qc2 f5 15. Ne2 Qd8 16. b4 Nc6 17. b5 Nb4 18. Qb1 Nxd3 19. Qxd3 Bd7 20. Rc2 a6 21. a4 axb5 22. axb5 Qb6 23. Rb1 Rfc8 24. Nf4 g5 25. Rxc8+ Rxc8 26. Ne2 Rc4 27. Qb3 h6 28. h3 Qa7 29. Nc1 b6 30. Nd3 Bd6 31. Qd1 Qa4 32. Qh5 Kg7 33. Be1 Bxb5 34. Nb2 Be8 35. Nxa4 Bxh5 36. Nxb6 Rc6 37. Kf1 f4 38. Na4 Bg6 39. Rb7+ Kf6 40. Nc3 Bd3+ 41. Kg1 Ra6 42. Nb5 Bxb5 43. Rxb5 fxe3 44. fxe3 Ra1 45. Kf2 Ra2+ 46. Kf3 h5 47. Ba5 h4 48. Bd8+ Kg6 49. Rb6 Bg3 50. Rxe6+ Kh5 51. e4 dxe4+ 52. Kxe4 Rxg2 53. Ra6 Rh2 54. Ra5 Bf4 55. Kf5 Rxh3 56. Ra7 Kh6 57. Be7 g4 58. Bf8+ Kh5 59. Rh7+ 1-0

[Event "Tashkent Sahibkiran Temur Cup"]
[Site "Tashkent"]
[Date "2023.04.14"]
[Round "1"]
[White "Goganov, Aleksey"]
[Black "Nadirjanova, Nodira"]
[Result "1-0"]
[WhiteElo "2525"]
[BlackElo "2139"]
[PlyCount "89"]
[EventDate "2023.04.14"]
[EventType "swiss"]
[EventRounds "9"]
[EventCountry "UZB"]
[SourceTitle "CBM 213 Extra"]
[Source "ChessBase"]
[SourceDate "2023.05.31"]
[SourceVersion "1"]
[SourceVersionDate "2023.05.31"]
[SourceQuality "1"]

1. d4 d5 2. c4 c6 3. Nf3 Nf6 4. Nc3 e6 5. Bg5 Nbd7 6. e3 Qa5 7. cxd5 exd5 8. Bd3 Ne4 9. 0-0 Nxg5 10. Nxg5 Be7 11. f4 Nf6 12. Qc2 h6 13. Nf3 0-0 14. Ne5 c5 15. Kh1 c4 16. Be2 Bb4 17. Bf3 Bxc3 18. bxc3 Ne8 19. g4 Nd6 20. Qg2 Qxc3 21. Rae1 Ne4 22. Bxe4 dxe4 23. Qxe4 Re8 24. f5 Qa5 25. f6 Be6 26. Qc2 gxf6 27. Nf3 Kh8 28. e4 Bxg4 29. Qc1 Qh5 30. Ng1 b5 31. Rxf6 Re6 32. Rf2 Rf8 33. d5 Rb6 34. Qc3+ Kg8 35. Re3 Rg6 36. Qd4 Qh4 37. Re1 a6 38. Ref1 Qe7 39. e5 Bh5 40. Nh3 Rg4 41. Nf4 Re8 42. d6 Rxf4 43. Qxf4 Qxe5 44. d7 Qd5+ 45. Rg2+ 1-0

[Event "Tashkent President op 2nd"]
[Site "Tashkent"]
[Date "2022.09.10"]
[Round "7"]
[White "Suleymenov, Alisher"]
[Black "Nadirjanova, Nodira"]
[Result "1-0"]
[WhiteElo "2493"]
[BlackElo "2085"]
[PlyCount "45"]
[EventDate "2022.09.07"]
[EventType "swiss"]
[EventRounds "10"]
[EventCountry "UZB"]
[SourceTitle "CBM 210 Extra"]
[Source "ChessBase"]
[SourceDate "2022.11.30"]
[SourceVersion "1"]
[SourceVersionDate "2022.11.30"]
[SourceQuality "1"]

1. e4 c6 2. d4 d5 3. e5 Bf5 4. Nf3 e6 5. Be2 c5 6. Be3 Nd7 7. 0-0 Ne7 8. Nbd2 cxd4 9. Nxd4 Nxe5 10. c4 N5c6 11. cxd5 exd5 12. Qb3 Qd7 13. N2f3 Bg4 14. Rfe1 f6 15. h3 Bh5 16. Rad1 Bf7 17. Bf4 g5 18. Nxg5 Nxd4 19. Rxd4 a6 20. Nxf7 Kxf7 21. Bh5+ Kg8 22. Rxe7 Qxe7 23. Rxd5 1-0

[Event "Tashkent 8th March"]
[Site "Tashkent"]
[Date "2019.03.08"]
[Round "5"]
[White "Vul, Arkadi Eremeevich"]
[Black "Nadirjanova, Nodira"]
[Result "1-0"]
[WhiteElo "2253"]
[BlackElo "2167"]
[PlyCount "85"]
[EventDate "2019.03.06"]
[EventType "tourn"]
[EventRounds "9"]
[EventCountry "UZB"]
[SourceTitle "CBM 189 Extra"]
[Source "ChessBase"]
[SourceDate "2019.06.03"]
[SourceVersion "1"]
[SourceVersionDate "2019.06.03"]
[SourceQuality "1"]

1. Nf3 d5 2. d4 Nf6 3. c4 c6 4. cxd5 cxd5 5. Nc3 Nc6 6. Bf4 Qb6 7. a3 Bg4 8. Na4 Qd8 9. Ne5 Bd7 10. Nxd7 Nxd7 11. e3 e6 12. b4 Be7 13. Bd3 0-0 14. 0-0 a5 15. b5 Na7 16. Qb1 g5 17. Bg3 b6 18. Bxh7+ Kg7 19. Bd3 Nf6 20. Be5 Bd6 21. f4 Rh8 22. Qe1 Bxe5 23. fxe5 Nd7 24. Qg3 Rh5 25. Ra2 Qe7 26. Nc3 Rah8 27. h3 Rf8 28. e4 Rc8 29. Be2 Rh4 30. exd5 Rxd4 31. d6 Qd8 32. Bh5 f5 33. exf6+ Kh6 34. Be2 Rc5 35. Qe3 Rh4 36. f7 Kg7 37. Qxe6 Rh8 38. Ne4 Re5 39. Qc4 Nxb5 40. a4 Qc8 41. Qxc8 Rxc8 42. Bg4 Rd8 43. Bxd7 1-0

[Event "Tashkent 8th March"]
[Site "Tashkent"]
[Date "2019.03.07"]
[Round "2"]
[White "Nadirjanova, Nodira"]
[Black "Kazakouski, Valery"]
[Result "1/2-1/2"]
[WhiteElo "2167"]
[BlackElo "2456"]
[PlyCount "109"]
[EventDate "2019.03.06"]
[EventType "tourn"]
[EventRounds "9"]
[EventCountry "UZB"]
[SourceTitle "CBM 189 Extra"]
[Source "ChessBase"]
[SourceDate "2019.06.03"]
[SourceVersion "1"]
[SourceVersionDate "2019.06.03"]
[SourceQuality "1"]

1. Nf3 Nf6 2. c4 e6 3. b3 d5 4. Bb2 Be7 5. g3 0-0 6. Bg2 a5 7. a3 c6 8. d3 Nbd7 9. Nbd2 b5 10. 0-0 Bb7 11. Ra2 Qb6 12. cxd5 cxd5 13. Bd4 Bc5 14. Qa1 Rfc8 15. Rb1 Bxd4 16. Qxd4 b4 17. axb4 axb4 18. Ra4 Qxd4 19. Nxd4 Rxa4 20. bxa4 Kf8 21. Rxb4 Rc1+ 22. Bf1 Ba6 23. N4b3 Rd1 24. h3 Ng8 25. a5 Ne7 26. f4 Nc6 27. Ra4 Ke7 28. Kf2 Kd6 29. e4 dxe4 30. Nxe4+ Kc7 31. Nc3 Rxf1+ 32. Kxf1 Bxd3+ 33. Kf2 Bc2 34. Nb5+ Kd8 35. Ra3 Bxb3 36. Rxb3 Nxa5 37. Ra3 Nc6 38. Ra8+ Ke7 39. Rg8 Nf6 40. Rc8 Nb4 41. Rc7+ Nd7 42. Kf3 Nd5 43. Ra7 h5 44. Na3 N5b6 45. Nc2 Nc8 46. Ra5 g6 47. Nb4 Ncb6 48. Nc6+ Kd6 49. Ne5 Nxe5+ 50. fxe5+ Ke7 51. Ra7+ Kf8 52. Ke4 Nd5 53. g4 hxg4 54. hxg4 g5 55. Ra5 1/2-1/2

[Event "Tashkent 8th March"]
[Site "Tashkent"]
[Date "2019.03.06"]
[Round "1"]
[White "Nadirjanova, Nodira"]
[Black "Yakubbaeva, Nilufar"]
[Result "1-0"]
[WhiteElo "2167"]
[BlackElo "2008"]
[PlyCount "141"]
[EventDate "2019.03.06"]
[EventType "tourn"]
[EventRounds "9"]
[EventCountry "UZB"]
[SourceTitle "CBM 189 Extra"]
[Source "ChessBase"]
[SourceDate "2019.06.03"]
[SourceVersion "1"]
[SourceVersionDate "2019.06.03"]
[SourceQuality "1"]

1. Nf3 Nf6 2. c4 e6 3. e3 d5 4. b3 Be7 5. Bb2 b6 6. Be2 Bb7 7. 0-0 Nbd7 8. Nc3 0-0 9. d4 Ne4 10. Nd2 Nxd2 11. Qxd2 f5 12. Bd3 Bd6 13. f4 Bb4 14. Qc2 Bxc3 15. Qxc3 Nf6 16. c5 a5 17. Ba3 Rf7 18. Rfc1 Ne4 19. Bxe4 fxe4 20. b4 bxc5 21. dxc5 axb4 22. Qxb4 Bc6 23. Bb2 Ra4 24. Qd2 Qa8 25. a3 Bb5 26. Rc3 Bc4 27. Qd4 c6 28. Rcc1 Qa7 29. h3 Qc7 30. Bc3 Bb5 31. Qd2 Qa7 32. Bb4 Qc7 33. Bc3 Qa7 34. Bd4 Bd3 35. Rc3 Rb7 36. Qd1 Qa5 37. Rac1 Rxa3 38. Qg4 Rxc3 39. Qxe6+ Rf7 40. Rxc3 Bb5 41. Be5 Qa7 42. Bd4 Qd7 43. Qe5 Rf5 44. Qb8+ Rf8 45. Qb6 Ra8 46. Rb3 Qc8 47. Rxb5 cxb5 48. c6 b4 49. Be5 Qf8 50. c7 Rc8 51. Bd6 Qe8 52. Qxb4 Qd7 53. Qc5 Qe6 54. Kf2 Ra8 55. g4 Rc8 56. f5 Qf7 57. Qc6 g6 58. Qb7 Qd7 59. Qxd5+ Qf7 60. Qxe4 Re8 61. Qc2 Rc8 62. e4 gxf5 63. gxf5 Qf6 64. Qc5 Qh4+ 65. Ke3 Qxh3+ 66. Kd4 Qb3 67. Qd5+ Qxd5+ 68. Kxd5 Kf7 69. e5 h5 70. Kc6 Ke8 71. e6 1-0

[Event "Olympiad Women-43"]
[Site "Batumi"]
[Date "2018.10.02"]
[Round "8.4"]
[White "Sikorova, Olga"]
[Black "Nadirjanova, Nodira"]
[Result "1-0"]
[WhiteElo "2276"]
[BlackElo "2167"]
[PlyCount "79"]
[EventDate "2018.09.24"]
[EventType "team-swiss"]
[EventRounds "11"]
[EventCountry "GEO"]
[SourceTitle "EXT 2020"]
[Source "ChessBase"]
[SourceDate "2019.10.17"]
[SourceVersion "1"]
[SourceVersionDate "2019.10.17"]
[SourceQuality "1"]
[WhiteTeam "Czech Republic (W)"]
[BlackTeam "Uzbekistan (W)"]
[WhiteTeamCountry "CZE"]
[BlackTeamCountry "UZB"]

1. c4 Nf6 2. g3 c6 3. Nf3 d5 4. b3 Bf5 5. Bg2 e6 6. Bb2 Nbd7 7. 0-0 h6 8. d3 Be7 9. Nbd2 0-0 10. Qc2 a5 11. a3 Bh7 12. Bc3 c5 13. cxd5 Nxd5 14. Bb2 Bf6 15. Nc4 Bxb2 16. Qxb2 Qe7 17. Nfe5 N7f6 18. e4 Nc7 19. a4 Ra6 20. Qc3 Rfa8 21. Na3 Rc8 22. f3 Nd7 23. Nxd7 Qxd7 24. Qxc5 Qxd3 25. Rfd1 Rc6 26. Rxd3 Rxc5 27. Rad1 Re8 28. Nc4 Kf8 29. Nb6 Rc6 30. Nd7+ Kg8 31. Ne5 Rc5 32. f4 b5 33. axb5 Rxb5 34. Rc1 Na6 35. Rd6 Rc5 36. Rcd1 Nb8 37. Rd8 Rc8 38. Rxe8+ Rxe8 39. Nc4 Nc6 40. Rd6 1-0

[Event "Olympiad Women-43"]
[Site "Batumi"]
[Date "2018.09.25"]
[Round "2.19"]
[White "Pogonina, Natalija"]
[Black "Nadirjanova, Nodira"]
[Result "0-1"]
[WhiteElo "2469"]
[BlackElo "2167"]
[PlyCount "116"]
[EventDate "2018.09.24"]
[EventType "team-swiss"]
[EventRounds "11"]
[EventCountry "GEO"]
[SourceTitle "EXT 2020"]
[Source "ChessBase"]
[SourceDate "2019.10.17"]
[SourceVersion "1"]
[SourceVersionDate "2019.10.17"]
[SourceQuality "1"]
[WhiteTeam "Russia (W)"]
[BlackTeam "Uzbekistan (W)"]
[WhiteTeamCountry "RUS"]
[BlackTeamCountry "UZB"]

1. d4 d5 2. c4 c6 3. Nf3 Nf6 4. e3 Bg4 5. h3 Bxf3 6. Qxf3 e6 7. Nc3 Nbd7 8. Bd3 Bd6 9. 0-0 0-0 10. e4 dxe4 11. Nxe4 Nxe4 12. Qxe4 g6 13. Bh6 Re8 14. Rad1 Qa5 15. a3 Bf8 16. Bxf8 Kxf8 17. Bc2 Kg7 18. Rfe1 Rad8 19. Qf3 Qc7 20. b4 Nf6 21. Qc3 Re7 22. Re3 Red7 23. Qa1 b5 24. Re5 Rxd4 25. Rc5 Rxc4 26. Rxc4 bxc4 27. Qc3 Rxd1+ 28. Bxd1 Qf4 29. Bf3 e5 30. Bxc6 Ne4 31. Qe3 Nd2 32. Qxa7 c3 33. Ba4 Qd4 34. Qxd4 exd4 35. Bc2 Nc4 36. b5 Kf6 37. Kf1 Ke5 38. b6 Kd6 39. Ke2 Nxb6 40. Kd3 Kc5 41. Bb3 Nd7 42. f4 f6 43. g3 Nb8 44. Bg8 h6 45. Bf7 g5 46. Be6 Na6 47. Bb3 Nc7 48. fxg5 fxg5 49. Ke4 Nb5 50. a4 Nd6+ 51. Kd3 Nb7 52. Bd1 Na5 53. Kc2 Kb4 54. Kd3 Nc6 55. h4 g4 56. Ke4 Kc4 57. Bc2 Nb4 58. a5 d3 0-1

[Event "UZB-ch (Women)"]
[Site "Tashkent"]
[Date "2018.05.09"]
[Round "7"]
[White "Baymuratova, Sevara"]
[Black "Nadirjanova, Nodira"]
[Result "1-0"]
[WhiteElo "2142"]
[BlackElo "2179"]
[PlyCount "27"]
[EventDate "2018.05.03"]
[EventType "tourn"]
[EventRounds "9"]
[EventCountry "UZB"]
[SourceTitle "CBM 184 Extra"]
[Source "ChessBase"]
[SourceDate "2018.06.28"]
[SourceVersion "1"]
[SourceVersionDate "2018.06.28"]
[SourceQuality "1"]

1. d4 d5 2. c4 c6 3. Nf3 Nf6 4. Nc3 a6 5. a4 e6 6. e3 c5 7. cxd5 exd5 8. Be2 Nc6 9. 0-0 Be7 10. dxc5 Bxc5 11. Nd4 0-0 12. Nxc6 bxc6 13. a5 Bb4 14. Bd2 1-0

[Event "UZB-ch (Women)"]
[Site "Tashkent"]
[Date "2018.05.04"]
[Round "2"]
[White "Shermuhammadova, Shahzoda"]
[Black "Nadirjanova, Nodira"]
[Result "0-1"]
[WhiteElo "1732"]
[BlackElo "2179"]
[PlyCount "148"]
[EventDate "2018.05.03"]
[EventType "tourn"]
[EventRounds "9"]
[EventCountry "UZB"]
[SourceTitle "CBM 184 Extra"]
[Source "ChessBase"]
[SourceDate "2018.06.28"]
[SourceVersion "1"]
[SourceVersionDate "2018.06.28"]
[SourceQuality "1"]

1. e4 e6 2. d3 d5 3. Nd2 c5 4. c3 Nc6 5. Ngf3 Nge7 6. Be2 g6 7. Qc2 Bg7 8. 0-0 0-0 9. Re1 b6 10. Nf1 e5 11. Ng3 d4 12. c4 a6 13. Bd2 Qd6 14. Rad1 h6 15. h3 Nd8 16. Nh2 h5 17. Nf3 Ne6 18. Qc1 f6 19. Bh6 Nf4 20. Bxg7 Kxg7 21. Bf1 b5 22. b3 bxc4 23. bxc4 Rb8 24. Nd2 Bd7 25. Qa3 Rb4 26. Rb1 Ra4 27. Qb2 Nc6 28. a3 Kh6 29. Qc1 Kg7 30. Rd1 h4 31. Nh1 Qc7 32. Nb3 Qa7 33. Rd2 Rb8 34. Be2 Nb4 35. axb4 Raxb4 36. Bd1 Ba4 37. g3 Nxh3+ 38. Kg2 Ng5 39. Rdb2 Qd7 40. Kg1 Qh3 41. Qc2 Rh8 42. Qe2 hxg3 43. Nxg3 Qh2+ 44. Kf1 Nh3 45. Qf3 Qg1+ 46. Ke2 Nf4+ 47. Kd2 Rhb8 48. Bc2 Qh2 49. Rh1 Qg2 50. Qxg2 Nxg2 51. Rhb1 Bxb3 52. Rxb3 a5 53. Rxb4 cxb4 54. Ba4 Nf4 55. Bb5 Ne6 56. Ra1 Nc5 57. Kc2 a4 58. Rxa4 Nxa4 59. Bxa4 Kf8 60. Kb3 Ke7 61. Bb5 Rh8 62. Kxb4 Rh2 63. c5 Kd8 64. Kc4 Rxf2 65. Kd5 Kc7 66. Ke6 Rf3 67. Ne2 g5 68. Ng1 Rf1 69. Ne2 Rf3 70. Ng1 Rf2 71. Nh3 Rf1 72. Nxg5 fxg5 73. Be8 g4 74. Bh5 g3 0-1